| 000 | 00928nam a2200229 4500 | ||
|---|---|---|---|
| 008 | 160430b xxu||||| |||| 00| 0 eng d | ||
| 020 | _a9715844391 | ||
| 082 |
_22006 _aDFil 425.076 _bAq5e |
||
| 245 |
_aEncounters: _bmastering English through content/ _cLalaine Yanilla Aquino [and six others]. |
||
| 260 |
_aQuezon City: _bC & E Publishing, Inc., _cc2006. |
||
| 300 |
_avii, 359 pages: _billustrations; _c26 cm. |
||
| 500 | _aIncludes bibliographical references. | ||
| 650 | 0 |
_96932 _aEnglish language _vGrammar |
|
| 700 |
_96935 _aAquino, Lalaine Yanilla _eauthor |
||
| 700 |
_96936 _aAureus, Eloisa Ventura _eauthor |
||
| 700 |
_96938 _aCalderon, Tina Marie Tolentino _eauthor |
||
| 700 |
_96940 _aCastro, Maria Corazon Aspeli _eauthor |
||
| 700 |
_96942 _aFlores, Emil Francis Magallona _eauthor |
||
| 700 |
_96943 _aFlores, Magelende Magallona _eauthor |
||
| 700 |
_96944 _aIsidro, Teresita Musngi _eauthor |
||
| 942 |
_2ddc _cDFIL |
||
| 999 |
_c2137 _d2137 |
||